000 00350 a2200133 4500
000 nam a22 7a 4500
100 _aMukesh Kumar
110 _aMukesh Kumar
245 _aInternational relations: Theory and practice
250 _aLatest edition
260 _bAcademic Publication
_c2024
264 _bAcademic Publication
_c2024
942 _cBK
999 _c396084
_d396084